[Event "MGL-ch (Women) 46th"]
[Site "Govi Altai"]
[Date "2014.04.11"]
[Round "10"]
[White "Ankhchimeg, Bayanmunkh"]
[Black "Nyamtuya, Unurjargal"]
[Result "0-1"]
[WhiteElo "2125"]
[BlackElo "1849"]
[PlyCount "84"]
[EventDate "2014.04.04"]
[EventType "tourn"]
[EventRounds "11"]
[EventCountry "MGL"]
[SourceTitle "CBM 159 Extra"]
[Source "ChessBase"]
[SourceDate "2014.04.24"]
[SourceVersion "1"]
[SourceVersionDate "2014.04.24"]
[SourceQuality "1"]

1. e4 e5 2. Nf3 Nc6 3. d4 exd4 4. Nxd4 Bc5 5. Be3 Qf6 6. c3 d6 7. Qd2 a6 8. Bc4 Nge7 9. 0-0 Qg6 10. Nxc6 Bh3 11. Bg5 Nxc6 12. gxh3 Ne5 13. Be2 h6 14. Bg4 hxg5 15. Qe2 Nxg4 16. Qxg4 Rh4 17. Qg3 0-0-0 18. Nd2 Rdh8 19. Rfe1 g4 20. Nf1 Rxh3 21. Qg2 g3 22. Nxg3 Rxh2 23. Qxh2 Rxh2 24. Kxh2 Bxf2 25. Rg1 Qh6+ 26. Kg2 Bxg1 27. Rxg1 Qd2+ 28. Kf3 Qxb2 29. Ne2 g6 30. a4 Qc2 31. a5 Qd3+ 32. Kf2 Qxe4 33. Rg3 Qd5 34. Rf3 g5 35. Nd4 Qxa5 36. Kg3 Qe5+ 37. Kg4 Qe4+ 38. Kg3 c5 39. Nf5 Kc7 40. Ne3 Kc6 41. Kf2 Qe6 42. Rf5 f6 0-1

[Event "MGL-ch (Women) 46th"]
[Site "Govi Altai"]
[Date "2014.04.08"]
[Round "7"]
[White "Uuriintuya, Uurtsaikh"]
[Black "Nyamtuya, Unurjargal"]
[Result "0-1"]
[WhiteElo "1804"]
[BlackElo "1849"]
[PlyCount "80"]
[EventDate "2014.04.04"]
[EventType "tourn"]
[EventRounds "11"]
[EventCountry "MGL"]
[SourceTitle "CBM 159 Extra"]
[Source "ChessBase"]
[SourceDate "2014.04.24"]
[SourceVersion "1"]
[SourceVersionDate "2014.04.24"]
[SourceQuality "1"]

1. e4 e5 2. Nf3 Nc6 3. Bc4 Nf6 4. d3 Be7 5. c3 d6 6. Bb3 0-0 7. h3 h6 8. Nbd2 Nh7 9. 0-0 Be6 10. Re1 Bxb3 11. Qxb3 Rb8 12. Nf1 Ng5 13. Qd1 f5 14. N1h2 Kh8 15. Nxg5 Bxg5 16. Nf3 Bxc1 17. Rxc1 Qf6 18. Rc2 g5 19. Nh2 Qg6 20. Rce2 h5 21. exf5 Rxf5 22. d4 Rbf8 23. Qb3 exd4 24. Qxb7 d3 25. Rd2 Ne5 26. Qxa7 c5 27. Qb7 Rf4 28. Qd5 g4 29. hxg4 hxg4 30. Rxe5 dxe5 31. Qxe5+ R4f6 32. Nf1 c4 33. Ne3 Re8 34. Qd4 Re4 35. Qd8+ Kg7 36. b3 g3 37. Qc7+ Rf7 38. Qc5 Qh6 39. Nf1 Re1 40. Qd4+ Kh7 0-1

[Event "MGL-ch (Women) 45th"]
[Site "Ulaanbaatar"]
[Date "2013.04.07"]
[Round "4"]
[White "Nyamtuya, Unurjargal"]
[Black "Sarantungalag, Sengeebaatar"]
[Result "0-1"]
[WhiteElo "1888"]
[BlackElo "1943"]
[PlyCount "95"]
[EventDate "2013.04.06"]
[EventType "tourn"]
[EventRounds "13"]
[EventCountry "MGL"]
[SourceTitle "CBM 153 Extra"]
[Source "ChessBase"]
[SourceDate "2013.04.22"]
[SourceVersion "1"]
[SourceVersionDate "2013.04.22"]
[SourceQuality "1"]

1. e4 e5 2. Nf3 Nf6 3. Nxe5 d6 4. Nf3 Nxe4 5. Qe2 Qe7 6. d3 Nf6 7. Bg5 Be6 8. Nc3 h6 9. Bh4 g5 10. Bg3 Nc6 11. 0-0-0 0-0-0 12. d4 g4 13. Nh4 d5 14. f4 Qb4 15. f5 Bd7 16. a3 Qa5 17. Qb5 h5 18. Qxa5 Nxa5 19. Bb5 Bh6+ 20. Kb1 Bg5 21. h3 Ne4 22. Nxe4 dxe4 23. Bxd7+ Rxd7 24. Be5 Re8 25. hxg4 hxg4 26. c3 Nc4 27. Rde1 e3 28. g3 Nxe5 29. dxe5 Rxe5 30. Ng2 Rd2 31. Nf4 Bxf4 32. gxf4 Rxf5 33. Rxe3 Rxf4 34. Re8+ Kd7 35. Rhh8 Rf1+ 36. Ka2 Rff2 37. Rd8+ Ke6 38. Rde8+ Kf6 39. Rh6+ Kg5 40. Rh7 Rxb2+ 41. Ka1 Kg6 42. Rh4 Ra2+ 43. Kb1 Rfb2+ 44. Kc1 Rg2 45. Kb1 Rxa3 46. Rg8+ Kf6 47. Rh6+ Ke7 48. c4 0-1

[Event "MGL-ch (Women) 45th"]
[Site "Ulaanbaatar"]
[Date "2013.04.06"]
[Round "2"]
[White "Nyamtuya, Unurjargal"]
[Black "Bayarmaa, Bayarjargal"]
[Result "1/2-1/2"]
[WhiteElo "1888"]
[BlackElo "2013"]
[PlyCount "175"]
[EventDate "2013.04.06"]
[EventType "tourn"]
[EventRounds "13"]
[EventCountry "MGL"]
[SourceTitle "CBM 153 Extra"]
[Source "ChessBase"]
[SourceDate "2013.04.22"]
[SourceVersion "1"]
[SourceVersionDate "2013.04.22"]
[SourceQuality "1"]

1. e4 c5 2. c3 Nf6 3. e5 Nd5 4. d4 cxd4 5. Nf3 Nc6 6. cxd4 d6 7. Bc4 Nb6 8. Bb5 d5 9. 0-0 Bg4 10. h3 Bh5 11. g4 Bg6 12. e6 f6 13. Bf4 Qc8 14. Re1 Be4 15. Nfd2 Bxb1 16. Rxb1 g5 17. Bg3 Bg7 18. h4 0-0 19. Rc1 gxh4 20. Bxh4 Qe8 21. Nb3 f5 22. gxf5 Rxf5 23. Qg4 Qh5 24. Qxh5 Rxh5 25. Bxc6 Rxh4 26. Bxb7 Rf8 27. Rc7 Bxd4 28. Nxd4 Rxd4 29. Rxe7 Rd2 30. Rf1 Rf6 31. Re8+ Kg7 32. Re7+ Kf8 33. Rxh7 Rxe6 34. a4 Re7 35. Rxe7 Kxe7 36. b3 d4 37. Re1+ Kf6 38. Re8 Nd7 39. Kg2 d3 40. Be4 Re2 41. Rd8 Ke7 42. Bxd3 Rd2 43. Ra8 Rxd3 44. Rxa7 Rxb3 45. f3 Ke6 46. Ra8 Ra3 47. a5 Ne5 48. a6 Ke7 49. f4 Nc6 50. a7 Nxa7 51. Kf2 Ke6 52. Ke2 Kd5 53. f5 Ke5 54. f6 Kxf6 55. Kf2 Ke5 56. Ke2 Kd4 57. Kf2 Kc5 58. Ke2 Kb6 59. Kf2 Kb7 60. Re8 Nb5 61. Re3 Ra4 62. Re6 Kc7 63. Rh6 Nd6 64. Ke2 Ra3 65. Rh7+ Kc6 66. Rh5 Nc4 67. Rg5 Kd6 68. Rh5 Ne5 69. Rh6+ Kd5 70. Rh4 Ng6 71. Rg4 Ne5 72. Rh4 Nf3 73. Rh8 Ke4 74. Re8+ Ne5 75. Kd2 Rd3+ 76. Kc2 Rh3 77. Kd2 Rh6 78. Kc2 Kd4 79. Rd8+ Ke3 80. Re8 Rc6+ 81. Kb3 Kd4 82. Rd8+ Ke4 83. Re8 Rc7 84. Kb4 Kd5 85. Rd8+ Nd7 86. Rh8 Rc4+ 87. Kb5 Rc1 88. Kb4 1/2-1/2

[Event "Universiad (Women) 26th"]
[Site "Shenzhen"]
[Date "2011.08.18"]
[Round "5"]
[White "Drljevic, Ljilja"]
[Black "Nyamtuya, Unurjargal"]
[Result "1-0"]
[WhiteElo "2286"]
[BlackElo "1886"]
[PlyCount "55"]
[EventDate "2011.08.15"]
[EventType "swiss"]
[EventRounds "9"]
[EventCountry "CHN"]
[SourceTitle "CBM 143 Extra"]
[Source "ChessBase"]
[SourceDate "2011.08.29"]
[SourceVersion "1"]
[SourceVersionDate "2011.08.29"]
[SourceQuality "1"]

1. e4 e5 2. f4 exf4 3. Nf3 d6 4. Bc4 h6 5. d4 g5 6. 0-0 Bg7 7. Nc3 Bg4 8. Ne2 Nf6 9. Qd3 Nc6 10. g3 fxg3 11. Nxg3 Qe7 12. Bd2 0-0-0 13. d5 Ne5 14. Nxe5 dxe5 15. Be3 Kb8 16. a4 Nh5 17. Nxh5 Bxh5 18. b4 Qd7 19. h3 Bg6 20. Bf2 b6 21. Bb5 Qc8 22. a5 f5 23. axb6 cxb6 24. Rxa7 Kxa7 25. Ra1+ Kb8 26. Qa3 Kc7 27. Qa7+ Qb7 28. Bxb6+ 1-0

[Event "Universiad (Women) 26th"]
[Site "Shenzhen"]
[Date "2011.08.15"]
[Round "1"]
[White "Vasilevich, Irina"]
[Black "Nyamtuya, Unurjargal"]
[Result "1-0"]
[WhiteElo "2367"]
[BlackElo "1886"]
[PlyCount "51"]
[EventDate "2011.08.15"]
[EventType "swiss"]
[EventRounds "9"]
[EventCountry "CHN"]
[SourceTitle "CBM 143 Extra"]
[Source "ChessBase"]
[SourceDate "2011.08.29"]
[SourceVersion "1"]
[SourceVersionDate "2011.08.29"]
[SourceQuality "1"]

1. e4 e5 2. f4 exf4 3. Nf3 d6 4. d4 Nf6 5. Nc3 Be7 6. Bxf4 Bg4 7. Qd2 0-0 8. 0-0-0 a6 9. h3 Bh5 10. Bd3 c6 11. Rde1 Nfd7 12. g4 Bg6 13. h4 h5 14. gxh5 Bxh5 15. Qg2 Kh8 16. Reg1 Rg8 17. Ng5 Bxg5 18. hxg5 g6 19. Be2 Nb6 20. Qh2 Kg7 21. Bxd6 N8d7 22. Bxh5 gxh5 23. g6 f6 24. Qxh5 Rh8 25. Qf5 Qe8 26. Rh7+ 1-0

[Event "MGL-ch (Women)"]
[Site "Ulaanbaatar"]
[Date "2010.04.09"]
[Round "11"]
[White "Otgonjargal, Sengeravdan"]
[Black "Nyamtuya, Unurjargal"]
[Result "1-0"]
[WhiteElo "2140"]
[BlackElo "1950"]
[PlyCount "90"]
[EventDate "2010.04.03"]
[EventType "tourn"]
[EventRounds "13"]
[EventCountry "MGL"]
[SourceTitle "EXT 2011"]
[Source "ChessBase"]
[SourceDate "2010.11.26"]
[SourceVersion "1"]
[SourceVersionDate "2010.11.26"]
[SourceQuality "1"]

1. e4 e5 2. Bc4 Nf6 3. d3 Nc6 4. Nc3 Na5 5. Bg5 Nxc4 6. dxc4 Bb4 7. Qd3 d6 8. Nge2 h6 9. Bh4 Be6 10. 0-0-0 Qd7 11. Bxf6 gxf6 12. Nd5 Bxd5 13. cxd5 0-0-0 14. Ng3 c6 15. dxc6 Qxc6 16. Nf5 Kb8 17. Ne7 Qa4 18. Kb1 h5 19. Nd5 Bc5 20. f3 Rhg8 21. g3 Rg6 22. Rhf1 Qd7 23. a3 f5 24. exf5 Rg5 25. g4 hxg4 26. fxg4 Rh8 27. h3 Qc6 28. Nf6 a6 29. Rh1 Rg7 30. h4 Ka7 31. Qe2 Qb6 32. Nd5 Qc6 33. h5 Bd4 34. Qe4 f6 35. Nxf6 Qxe4 36. Nxe4 Rxg4 37. Nxd6 Rf4 38. h6 Bc5 39. Nf7 Rh7 40. Ng5 Rh8 41. Ne6 Rc4 42. b3 Rc3 43. Kb2 Bd4 44. Nxd4 exd4 45. Rxd4 Rc6 1-0

[Event "MGL-ch (Women)"]
[Site "Ulaanbaatar"]
[Date "2010.04.08"]
[Round "9"]
[White "Lkhamsuren, Uuganbayar"]
[Black "Nyamtuya, Unurjargal"]
[Result "1-0"]
[WhiteElo "2115"]
[BlackElo "1950"]
[PlyCount "81"]
[EventDate "2010.04.03"]
[EventType "tourn"]
[EventRounds "13"]
[EventCountry "MGL"]
[SourceTitle "EXT 2011"]
[Source "ChessBase"]
[SourceDate "2010.11.26"]
[SourceVersion "1"]
[SourceVersionDate "2010.11.26"]
[SourceQuality "1"]

1. e4 e5 2. Nf3 Nc6 3. Bb5 a6 4. Ba4 Nf6 5. 0-0 b5 6. Bb3 Bb7 7. Re1 Bc5 8. c3 d6 9. d4 Bb6 10. a4 h6 11. axb5 axb5 12. Rxa8 Qxa8 13. Na3 b4 14. Nc4 bxc3 15. bxc3 0-0 16. Nh4 Ne7 17. Nxb6 cxb6 18. dxe5 dxe5 19. Qd6 Nc6 20. Qc7 Na5 21. Ba2 Bxe4 22. Ba3 Rc8 23. Qxf7+ Kh7 24. Be6 Qb7 25. Qxb7 Bxb7 26. Bf5+ Kg8 27. Bxc8 Bxc8 28. Ng6 Ba6 29. Nxe5 Nd5 30. Bb4 Nc4 31. Nxc4 Bxc4 32. f3 Kf7 33. Kf2 Nf4 34. Re4 Nd3+ 35. Ke3 b5 36. Kd4 g5 37. g3 h5 38. Be7 Nf2 39. Re5 Nd3 40. Re3 Kg6 41. Rxd3 1-0

[Event "MGL-ch (Women)"]
[Site "Ulaanbaatar"]
[Date "2010.04.06"]
[Round "7"]
[White "Yanjindulan, Dolgorsuren"]
[Black "Nyamtuya, Unurjargal"]
[Result "1-0"]
[WhiteElo "2225"]
[BlackElo "1950"]
[PlyCount "83"]
[EventDate "2010.04.03"]
[EventType "tourn"]
[EventRounds "13"]
[EventCountry "MGL"]
[SourceTitle "EXT 2011"]
[Source "ChessBase"]
[SourceDate "2010.11.26"]
[SourceVersion "1"]
[SourceVersionDate "2010.11.26"]
[SourceQuality "1"]

1. e4 e5 2. Nf3 Nc6 3. d4 exd4 4. Nxd4 Bc5 5. Nxc6 Qf6 6. Qf3 Qxf3 7. gxf3 dxc6 8. Rg1 g6 9. Nd2 Be6 10. Bd3 Nf6 11. Nc4 Ke7 12. Bg5 h6 13. Bh4 g5 14. Bg3 Rac8 15. Ne3 Rhg8 16. c3 Nd7 17. Ke2 Bd6 18. b3 Ne5 19. h4 f6 20. Rh1 Rh8 21. Ng2 Rcd8 22. Bc2 Bf7 23. h5 Be6 24. Raf1 Bc5 25. f4 Bg4+ 26. f3 Nxf3 27. Rxf3 Bxf3+ 28. Kxf3 Rd2 29. Ne1 g4+ 30. Kxg4 Rg8+ 31. Kf3 Rxg3+ 32. Kxg3 Bf2+ 33. Kg4 Bxe1 34. Rxe1 Rxc2 35. Kf5 Rxa2 36. Kg6 Ra3 37. Rb1 Ra2 38. Kxh6 Re2 39. Rg1 Rxe4 40. f5 Re3 41. Kg7 Rh3 42. h6 1-0

[Event "MGL-ch (Women)"]
[Site "Ulaanbaatar"]
[Date "2010.04.05"]
[Round "5"]
[White "Nyamtuya, Unurjargal"]
[Black "Ankhchimeg, A."]
[Result "0-1"]
[WhiteElo "1950"]
[BlackElo "2163"]
[PlyCount "96"]
[EventDate "2010.04.03"]
[EventType "tourn"]
[EventRounds "13"]
[EventCountry "MGL"]
[SourceTitle "EXT 2011"]
[Source "ChessBase"]
[SourceDate "2010.11.26"]
[SourceVersion "1"]
[SourceVersionDate "2010.11.26"]
[SourceQuality "1"]

1. e4 c5 2. c3 Nf6 3. e5 Nd5 4. d4 cxd4 5. Nf3 Nc6 6. Bc4 Nb6 7. Bb3 d6 8. exd6 Qxd6 9. Nxd4 Nxd4 10. cxd4 Be6 11. Bxe6 Qxe6+ 12. Be3 g6 13. Nc3 Bg7 14. 0-0 0-0 15. Qf3 Qd7 16. Rfd1 Nc4 17. b3 Nd6 18. Ne4 Nxe4 19. Qxe4 Rad8 20. Rac1 e5 21. d5 f5 22. Qb4 b6 23. Bg5 Bf6 24. Bxf6 Rxf6 25. Qc3 Qd6 26. h3 Rf7 27. Qc6 Rfd7 28. Qxd6 Rxd6 29. Rc7 R8d7 30. Rxd7 Rxd7 31. Kf1 Kf7 32. Ke2 Ke7 33. Ke3 Kd6 34. f4 e4 35. b4 Rc7 36. Rd2 Rc4 37. g4 Rc3+ 38. Kd4 Rxh3 39. Rc2 Rd3+ 40. Kc4 a6 41. a4 fxg4 42. Re2 Rxd5 43. Rxe4 b5+ 44. axb5 axb5+ 45. Kc3 h5 46. Re8 Rf5 47. Rg8 Rf6 48. Ra8 g3 0-1

[Event "MGL-ch (Women)"]
[Site "Ulaanbaatar"]
[Date "2010.04.05"]
[Round "6"]
[White "Nyamtuya, Unurjargal"]
[Black "Enkhtuul, Altanulzii"]
[Result "0-1"]
[WhiteElo "1950"]
[BlackElo "2117"]
[PlyCount "76"]
[EventDate "2010.04.03"]
[EventType "tourn"]
[EventRounds "13"]
[EventCountry "MGL"]
[SourceTitle "EXT 2011"]
[Source "ChessBase"]
[SourceDate "2010.11.26"]
[SourceVersion "1"]
[SourceVersionDate "2010.11.26"]
[SourceQuality "1"]

1. e4 Nf6 2. Nc3 d5 3. exd5 Nxd5 4. Nxd5 Qxd5 5. d4 Nc6 6. Nf3 Bg4 7. Be2 e6 8. 0-0 Be7 9. h3 Bh5 10. Bf4 0-0-0 11. c3 g5 12. Bg3 Bg6 13. Ne5 Nxe5 14. Bxe5 f6 15. Bg3 h5 16. Qa4 g4 17. Bc4 Qd7 18. Qxa7 Qc6 19. Bb3 gxh3 20. gxh3 h4 21. Rae1 Bf5 22. d5 Qa6 23. Qxa6 bxa6 24. d6 hxg3 25. dxe7 gxf2+ 26. Rxf2 Rdg8+ 27. Rg2 Rxg2+ 28. Kxg2 Kd7 29. Re3 Kxe7 30. Bc4 Kd6 31. Bxa6 e5 32. Rg3 e4 33. b4 Ke5 34. a4 Kf4 35. a5 Rd8 36. Kh2 e3 37. Bf1 Rd2+ 38. Rg2 Be4 0-1

[Event "MGL-ch (Women)"]
[Site "Ulaanbaatar"]
[Date "2010.04.04"]
[Round "3"]
[White "Nyamtuya, Unurjargal"]
[Black "Erdenetsetseg, Baatar"]
[Result "1/2-1/2"]
[WhiteElo "1950"]
[BlackElo "1953"]
[PlyCount "119"]
[EventDate "2010.04.03"]
[EventType "tourn"]
[EventRounds "13"]
[EventCountry "MGL"]
[SourceTitle "EXT 2011"]
[Source "ChessBase"]
[SourceDate "2010.11.26"]
[SourceVersion "1"]
[SourceVersionDate "2010.11.26"]
[SourceQuality "1"]

1. e4 c5 2. c3 d5 3. exd5 Qxd5 4. d4 cxd4 5. cxd4 Nc6 6. Nf3 e6 7. Nc3 Bb4 8. Be2 Nf6 9. 0-0 Qd8 10. h3 0-0 11. Be3 Bd6 12. Rc1 a6 13. a3 Ne7 14. Bg5 Nfd5 15. Nxd5 exd5 16. Qb3 f6 17. Be3 Kh8 18. Nd2 Rb8 19. Nb1 Nf5 20. Bf3 Be6 21. Nc3 Ne7 22. Rfe1 Bc7 23. Na4 b6 24. Kh1 Qd7 25. Bd2 Bf5 26. Bb4 Bd6 27. Bxd6 Qxd6 28. Qe3 Ng6 29. Nc3 Nf4 30. Rcd1 Bg6 31. Qe7 Qc6 32. Qe3 Qd6 33. Qe7 Rfd8 34. Qxd6 Rxd6 35. Re7 h6 36. Kh2 Bc2 37. Rde1 Bb3 38. R1e3 Ng6 39. Ra7 b5 40. Bh5 Nf8 41. Nxb5 axb5 42. Rxb3 Ne6 43. Rg3 g5 44. Re3 f5 45. Re5 Nxd4 46. Rf7 Nc6 47. Rexf5 Nd8 48. R7f6 Rbb6 49. Rxd6 Rxd6 50. Bf3 d4 51. Rxb5 Kg7 52. a4 Kf6 53. a5 Ne6 54. Rb3 d3 55. Ra3 Nc7 56. b4 Nb5 57. Ra1 Ke5 58. a6 Na7 59. b5 Kd4 60. Kg3 1/2-1/2

[Event "Olympiad Women-38"]
[Site "Dresden"]
[Date "2008.11.20"]
[Round "7"]
[White "Madl, Ildiko"]
[Black "Nyamtuya, Unurjargal"]
[Result "1-0"]
[WhiteElo "2376"]
[BlackElo "1958"]
[PlyCount "71"]
[EventDate "2008.11.13"]
[EventType "team-swiss"]
[EventRounds "11"]
[EventCountry "GER"]
[SourceTitle "CBM 128"]
[Source "ChessBase"]
[SourceDate "2009.01.28"]
[SourceVersion "1"]
[SourceVersionDate "2009.01.28"]
[SourceQuality "1"]
[WhiteTeam "Hungary (W)"]
[BlackTeam "Mongolia (W)"]
[WhiteTeamCountry "HUN"]
[BlackTeamCountry "MGL"]

1. e4 e5 2. Nf3 Nc6 3. Bb5 a6 4. Ba4 Nf6 5. 0-0 b5 6. Bb3 Bb7 7. d3 Bc5 8. Nc3 d6 9. a4 b4 10. Nd5 Na5 11. Nxf6+ Qxf6 12. Ba2 h6 13. c3 bxc3 14. bxc3 0-0 15. Be3 Ba7 16. Qc2 c5 17. Nd2 g5 18. Nc4 Qd8 19. Qe2 Kg7 20. h4 Nxc4 21. Bxc4 f5 22. exf5 d5 23. Rab1 Rb8 24. Qf3 e4 25. dxe4 dxc4 26. hxg5 Qe8 27. Qg3 h5 28. f3 Bc6 29. Qd6 Rxb1 30. Rxb1 Kg8 31. Bxc5 Bxc5+ 32. Qxc5 Bxa4 33. Qxc4+ Kh8 34. Rb7 Qd8 35. g6 Rg8 36. Rh7# 1-0

[Event "Olympiad Women-38"]
[Site "Dresden"]
[Date "2008.11.13"]
[Round "1"]
[White "Nyamtuya, Unurjargal"]
[Black "Fakhiridou, Ekaterini"]
[Result "0-1"]
[WhiteElo "1958"]
[BlackElo "2248"]
[PlyCount "134"]
[EventDate "2008.11.13"]
[EventType "team-swiss"]
[EventRounds "11"]
[EventCountry "GER"]
[SourceTitle "CBM 128"]
[Source "ChessBase"]
[SourceDate "2009.01.28"]
[SourceVersion "1"]
[SourceVersionDate "2009.01.28"]
[SourceQuality "1"]
[WhiteTeam "Mongolia (W)"]
[BlackTeam "Greece (W)"]
[WhiteTeamCountry "MGL"]
[BlackTeamCountry "GRE"]

1. e4 c5 2. c3 Nf6 3. e5 Nd5 4. d4 cxd4 5. Nf3 Nc6 6. Bc4 Nb6 7. Bb3 g6 8. cxd4 Bg7 9. 0-0 0-0 10. Nc3 d6 11. Bf4 Bg4 12. exd6 Nxd4 13. dxe7 Qxe7 14. Re1 Qd8 15. Re3 Bxf3 16. gxf3 Qf6 17. Bg3 Rad8 18. Kg2 Nxb3 19. Qxb3 h5 20. h4 Qc6 21. Ne4 Nc4 22. Re2 Rfe8 23. Rc1 b5 24. Rec2 a6 25. Qb4 Qe6 26. b3 Ne5 27. Nc5 Qb6 28. Re1 a5 29. Qe4 f5 30. Qf4 Kh7 31. Qc1 Rd5 32. f4 Rxc5 33. Rxc5 Nd3 34. Rxe8 Nxc1 35. Rxc1 Bf6 36. Rec8 Qb7+ 37. f3 Qd5 38. R1c2 a4 39. bxa4 bxa4 40. Bf2 Qd6 41. R2c7+ Kh6 42. Rc6 Qd7 43. R8c7 Qd8 44. Rf7 Be7 45. Re6 Bxh4 46. Bxh4 Qxh4 47. Rff6 Qxf4 48. Rxg6+ Kh7 49. Rg3 h4 50. Re7+ Kh6 51. Rgg7 h3+ 52. Kxh3 Qxf3+ 53. Kh4 Qf2+ 54. Kh3 Qxa2 55. Ra7 Qb3+ 56. Kh4 Qc4+ 57. Kh3 Qf1+ 58. Rg2 Qh1+ 59. Kg3 f4+ 60. Kf2 Qh4+ 61. Kf1 Qh3 62. Ra6+ Kh5 63. Kg1 Qe3+ 64. Kh2 Qe5 65. Rxa4 f3+ 66. Rg3 f2 67. Ra7 Qxg3+ 0-1

[Event "Wch U18 Girls"]
[Site "Batumi"]
[Date "2006.10.23"]
[Round "5"]
[White "Nyamtuya, Unurjargal"]
[Black "Daulyte Cornette, Deimante"]
[Result "1-0"]
[WhiteElo "1976"]
[BlackElo "2205"]
[PlyCount "67"]
[EventDate "2006.10.19"]
[EventType "swiss"]
[EventRounds "13"]
[EventCountry "GEO"]
[SourceTitle "EXT 2007"]
[Source "ChessBase"]
[SourceDate "2006.11.23"]
[SourceVersion "1"]
[SourceVersionDate "2006.11.23"]
[SourceQuality "1"]

1. e4 e5 2. Nf3 Nc6 3. Bb5 a6 4. Bxc6 dxc6 5. 0-0 Bg4 6. h3 Bh5 7. g4 Bg6 8. Nxe5 Bd6 9. Nxg6 hxg6 10. Qf3 Qh4 11. Kg2 Be5 12. Na3 0-0-0 13. Nc4 Bf4 14. d3 g5 15. Rh1 Qh6 16. Bxf4 gxf4 17. h4 Ne7 18. g5 Qh5 19. Ne5 f6 20. Qxh5 Rxh5 21. Nf3 Rdh8 22. gxf6 gxf6 23. Rh2 Ng6 24. Rah1 Rg8 25. Kf1 Ne5 26. Nxe5 fxe5 27. Ke2 c5 28. Kf3 Rgh8 29. Rg1 R8h7 30. Rg8+ Kd7 31. Kg4 Ke6 32. Rh3 Rh8 33. Rg6+ Kf7 34. Rg5 1-0